Information technology and its` implications business (Record no. 218)

MARC details
000 -LEADER
fixed length control field 00568cam a2200205ua 4500
008 - FIXED-LENGTH DATA ELEMENTS--GENERAL INFORMATION
fixed length control field 110326n ii |||gr||||Z||||||eng
020 ## - INTERNATIONAL STANDARD BOOK NUMBER
International Standard Book Number 978-81-272-5511-4
040 ## - CATALOGING SOURCE
Transcribing agency MAIN
082 ## - DEWEY DECIMAL CLASSIFICATION NUMBER
Classification number 004
245 1# - TITLE STATEMENT
Title Information technology and its` implications business
Statement of responsibility, etc. by Chimun Kumar Nath
250 ## - EDITION STATEMENT
Edition statement 1st.
260 ## - PUBLICATION, DISTRIBUTION, ETC.
Place of publication, distribution, etc. New Delhi:
Name of publisher, distributor, etc. Kalyani publishers.,
Date of publication, distribution, etc. 2009.
300 ## - PHYSICAL DESCRIPTION
Extent 192p.:
Other physical details ill.;3cm.
700 1# - ADDED ENTRY--PERSONAL NAME
Personal name Nath, Chimun Kumar.,
942 ## - ADDED ENTRY ELEMENTS (KOHA)
Koha item type Books
653 ## - INDEX TERM--UNCONTROLLED
Uncontrolled term Computer science
653 ## - INDEX TERM--UNCONTROLLED
Uncontrolled term Information technology
653 ## - INDEX TERM--UNCONTROLLED
Uncontrolled term IT implications in business
Holdings
Withdrawn status Lost status Damaged status Not for loan Home library Current library Shelving location Date acquired Total Checkouts Full call number Barcode Date last seen Copy number Price effective from Koha item type
        Central Library, Naharkatiya College Central Library, Naharkatiya College General Stacks 19/09/2020   004 | NAT 19175 22/07/2021 1 19/09/2020 Books

Naharkatiya College © 2020. All rights reserved.

Powered By